000 00700nam a22002297a 4500
999 _c170
_d170
003 AR-CdUCM
008 190222b ||||| |||| 00| 0 spa d
020 _a8425303427
040 _aMUNICIPALIDAD PROVINCIAL DEL CUSCO
_cBIBLIOTECA MUNICIPAL DEL CUSCO
041 _heng
082 _a818.5 /
_bC22
100 _aCaldwell, Taylor
_9795
245 _aTestimonio de dos hombres /
260 _aBarcelona :
_bEdiciones Grijalbo,
_c1974.
300 _a679 páginas ;
_c20 cm.
650 _aNovelas estadounidenses
_9734
650 _aNovelas traducidas al español
_9796
650 _aNovelas siglo XX
_9797
700 _aOliver, Ma. Antonia (traductora)
_9798
942 _2ddc
_cLIBROS
945 _azta